Цифровой метод совпадений; Измерительная техника; № 12

Bibliographic Details
Parent link:Измерительная техника=Measurement Techniques: научно-технический журнал/ Российская Федерация, Федеральное агентство по техническому регулированию и метрологии (Ростехрегулирование) (Госстандарт России).— , 1940-1941, 1955-.— 0368-1025
№ 12.— 2004.— С. 53-58
Other Authors: Чернышев В. И., Коростин С. В., Мартынюк Ю. Н., Трофимов А. С., Иорданский П. А.
Language:Russian
Published: 2004
Series:Измерения ионизирующих совпадений
Subjects:
Format: MixedMaterials Book Chapter
KOHA link:https://koha.lib.tpu.ru/cgi-bin/koha/opac-detail.pl?biblionumber=395958

MARC

LEADER 00000naa2a2200000 4500
001 395958
005 20231101064719.0
035 |a (RuTPU)RU\TPU\prd\33635 
090 |a 395958 
100 |a 20050310a2004 k y0rusy50 ca 
101 0 |a rus 
102 |a RU 
200 1 |a Цифровой метод совпадений  |f В. И. Чернышев, С. В. Коростин, Ю. Н. Мартынюк и др. 
225 1 |a Измерения ионизирующих совпадений 
320 |a Библиогр.: 9 назв. 
461 1 |0 (RuTPU)RU\TPU\prd\1509  |x 0368-1025  |t Измерительная техника  |l Measurement Techniques  |o научно-технический журнал  |f Российская Федерация, Федеральное агентство по техническому регулированию и метрологии (Ростехрегулирование) (Госстандарт России)  |d 1940-1941, 1955- 
463 1 |0 (RuTPU)RU\TPU\prd\32186  |t № 12  |v С. 53-58  |d 2004 
610 1 |a цифровой метод совпадений 
610 1 |a спектры совпадений 
610 1 |a обработка цифровых данных 
610 1 |a измерение активности радионуклидов 
675 |a 539.16.07  |v 3 
701 1 |a Чернышев  |b В. И. 
701 1 |a Коростин  |b С. В. 
701 1 |a Мартынюк  |b Ю. Н. 
701 1 |a Трофимов  |b А. С. 
701 1 |a Иорданский  |b П. А. 
801 1 |a RU  |b 63413507  |c 20050310  |g PSBO 
801 2 |a RU  |b 63413507  |c 20121218  |g RCR 
942 |c BK